Космосът (Запис номер 436716)
[ съкратено ]
| 000 -Лидер | |
|---|---|
| Контролно поле с фиксирана дължина | 01598nam a2200373 a 4500 |
| 003 - Код на организацията, давaща контролен номер | |
| Контролно поле | BLK |
| 005 - Дата и час на последна редакция | |
| Контролно поле | 20250628132255.0 |
| 008 - Елементи от данни с фиксирана дължина | |
| fixed length control field | 211112b bul|||||r ||||||| ||bul|| |
| 020 ## - Международен стандартен номер на книга ISBN | |
| Международен стандартен номер на книга ISBN | 3800083827405 |
| 040 ## - Източник на каталожния запис | |
| Идентификатор на билиотеката - собственик на записа | BLK |
| 041 ## - Код за език | |
| Код за езика на текст/звукозапис или на отделно заглавие | Български |
| Код за езика КДБФ | Български |
| 080 ## - УДК | |
| Текстов определител УДК | Слънчева система |
| УДК код - определител по УДК | 523 |
| УДК определител | :087.5 |
| УДК - код + определител | 523:087.5 |
| 100 1# - Редна дума - Автор | |
| Автор | Фрит, Алекс |
| Авторска отговорност | първи автор |
| R(LIN) | 135040 |
| 139 ## - Редно поле | |
| Редна дума | Фрит, Алекс и др. |
| Авторски знак | Фри - Ф 83 |
| 245 10 - Сведения за заглавието | |
| Заглавие | Космосът |
| Подзаглавни данни | 100 любопитни неща |
| Редно поле (дума) | Текст Алекс Фрит, Алис Джеймс, Джером Мартин ; ил. Федерико Мариани, Шоу Нилсен ; прев. [от англ.] Антон Татаров |
| 257 ## - Страна на издаване | |
| Страна на създаване/издаване | Съединени американски щати |
| 260 ## - Област на издателските данни | |
| Място на издаване, разпространение и проч. | София |
| Име на издателя, разпространителя и проч. | Фют |
| Година на издаване | 2020 |
| 300 ## - Физическа характеристика | |
| Страници | 128 с. : |
| Илюстрации и др. | с цв. ил. |
| Размери/Мащаб | 23 см |
| 380 ## - Жанр | |
| Жанр | Детска отраслова лит. |
| 490 ## - СЕРИИ (Колекции) | |
| Име на серия | 100 любопитни неща |
| 9 (RLIN) | 467328 |
| 500 ## - Общи забележки | |
| Забележка | Ориг. загл.: 100 Things to know about Space. - Речник ; Азб. показалец |
| 650 #0 - Допълнително описание по предмет – тема | |
| Основно описание – тема или топоним | Слънчева система |
| 9 (RLIN) | 260504 |
| 650 #7 - Допълнително описание по предмет – тема | |
| Основно описание – тема или топоним | Планети |
| 9 (RLIN) | 166460 |
| 653 #7 - Ключова дума – ненормативна | |
| Ключова дума | Космос |
| 9 (RLIN) | 189249 |
| 653 ## - Ключова дума – ненормативна | |
| Ключова дума | деца |
| 700 1# - Други автори (авторска отговорност) | |
| Лично име | Татаров, Антон Златаров |
| Автороска отговорност (Описва отношението между автора и произведението) | прев. от англ. |
| 9 (RLIN) | 382674 |
| 700 ## - Други автори (авторска отговорност) | |
| Лично име | Джеймс, Алис |
| Автороска отговорност (Описва отношението между автора и произведението) | съавт. |
| 9 (RLIN) | 1445 |
| 700 ## - Други автори (авторска отговорност) | |
| Лично име | Мартин, Джером |
| Автороска отговорност (Описва отношението между автора и произведението) | съавт. |
| 9 (RLIN) | 1445 |
| 700 ## - Други автори (авторска отговорност) | |
| Лично име | Мариани, Федерико |
| Автороска отговорност (Описва отношението между автора и произведението) | ил. |
| 9 (RLIN) | 599 |
| 700 ## - Други автори (авторска отговорност) | |
| Лично име | Нилсен, Шоу |
| Автороска отговорност (Описва отношението между автора и произведението) | ил. |
| 9 (RLIN) | 599 |
| 852 ## - Местоположение | |
| Фондова буква | Детски отдел |
| Систематично-азбучна сигнатура | 52/Ф 83 А |
| 999 ## - СИСТЕМНИ КОНТРОЛНИ НОМЕРА | |
| Koha biblionumber | 436716 |
| Koha biblioitemnumber | 436716 |
| 942 ## - АРТИКУЛИ | |
| Вид на библиотечния материал | Книги |
| Скрит в OPAC | Не |
| Периодичен библиозапис | Да |
| Koha issues (borrowed), all copies | 28 |
| 944 ## - СЪЗДАВАНЕ И РЕДАКЦИЯ на ЗАПИСА | |
| Създаване/Редакция | Създаване |
| Дата на регистрацията/редакция | 2021-11-12 |
| Служител, извършил регистрацията/редакцията | 30542 |
| Статус, дата на статуса | Русанова Ирена |
| Код за отписване | Код за изгубен артикул | Източник на класификационната схема | Код за повреда | Коз за рестрикции | Код за отдаване | Артикулен № | Име на библиотеката - собственик | Име на библиотеката, в която се намира в момента | Статус (Текущо местоположение) | Дата на вписване в системата | Местоположение - отдел | Цена в лева | Систематично азбучна сигнатура | Баркод | Цена в евро | Служебен тип на артикула |
|---|---|---|---|---|---|---|---|---|---|---|---|---|---|---|---|---|
| Не е изгубен | Universal Decimal Classification | Не е повреден | без рестрикции | заемане за дома | 861975 | Регионална библиотека "Любен Каравелов" Русе | Регионална библиотека "Любен Каравелов" Русе | Детски отдел | 2021-11-16 | Детски отдел | 9.67 | 52/Ф 83 А | 120000862466 | 4.94 | Книги | |
| Не е изгубен | Universal Decimal Classification | Не е повреден | без рестрикции | заемане за дома | 861976 | Регионална библиотека "Любен Каравелов" Русе | Регионална библиотека "Любен Каравелов" Русе | Детски отдел | 2021-11-16 | Детски отдел | 9.67 | 52/Ф 83 А | 120000862467 | 4.94 | Книги |